Sports Quiz

Random Sports or MLB Quiz

Opening Day Lineups: Cubs Quiz Stats

 Plays Quiz Updated Dec 17, 2018

Score 0/263 Timer 15:00
13 Plays Today
Year Player % Correct
1992Sammy Sosa
86.7%
1993Sammy Sosa
86.7%
1994Sammy Sosa
86.7%
1995Sammy Sosa
86.7%
1996Sammy Sosa
86.7%
1997Sammy Sosa
86.7%
1998Sammy Sosa
86.7%
1999Sammy Sosa
86.7%
2000Sammy Sosa
86.7%
2001Sammy Sosa
86.7%
2002Sammy Sosa
86.7%
2003Sammy Sosa
86.7%
2004Sammy Sosa
86.7%
2004Derrek Lee
86.1%
2005Derrek Lee
86.1%
2006Derrek Lee
86.1%
2007Derrek Lee
86.1%
2008Derrek Lee
86.1%
2009Derrek Lee
86.1%
2015Anthony Rizzo
85.8%
2016Kris Bryant
85.5%
2014Anthony Rizzo
85.2%
2016Anthony Rizzo
85%
2013Anthony Rizzo
83.9%
2004Aramis Ramirez
83.5%
2005Aramis Ramirez
83.5%
2006Aramis Ramirez
83.5%
2007Aramis Ramirez
83.5%
2008Aramis Ramirez
83.5%
2009Aramis Ramirez
83.5%
2017Kris Bryant
82.8%
2017Anthony Rizzo
81.9%
2010Derrek Lee
81.2%
2005Carlos Zambrano
80.6%
2006Carlos Zambrano
80.6%
2007Carlos Zambrano
80.6%
2008Carlos Zambrano
80.6%
2009Carlos Zambrano
80.6%
2010Aramis Ramirez
79.2%
2003Kerry Wood
79.1%
2004Kerry Wood
79.1%
2015Jon Lester
78.5%
1991Ryne Sandberg
77.7%
1992Ryne Sandberg
77.7%
1994Ryne Sandberg
77.7%
1996Ryne Sandberg
77.7%
1997Ryne Sandberg
77.7%
2018Kris Bryant
77%
2011Aramis Ramirez
76.6%
2010Carlos Zambrano
76.2%
2007Alfonso Soriano
75.9%
2008Alfonso Soriano
75.9%
2009Alfonso Soriano
75.9%
2018Anthony Rizzo
75.8%
2017Jon Lester
75.1%
2016Jason Heyward
74.1%
2016Addison Russell
73.8%
2011Starlin Castro
73.7%
2012Starlin Castro
73.7%
2013Starlin Castro
73.4%
2017Javier Baez
73.3%
2010Alfonso Soriano
73%
1991Mark Grace
72.6%
1992Mark Grace
72.6%
1993Mark Grace
72.6%
1994Mark Grace
72.6%
1995Mark Grace
72.6%
1996Mark Grace
72.6%
1997Mark Grace
72.6%
1998Mark Grace
72.6%
1999Mark Grace
72.6%
2000Mark Grace
72.6%
2014Starlin Castro
72.2%
2016Kyle Schwarber
72%
2008Geovany Soto
71.8%
2009Geovany Soto
71.8%
2016Ben Zobrist
71.1%
2017Jason Heyward
71.1%
2017Addison Russell
70.9%
2015Dexter Fowler
70.4%
2010Geovany Soto
70%
2015Starlin Castro
70%
2017Kyle Schwarber
69.9%
2016Dexter Fowler
69.6%
2018Javier Baez
68.8%
2018Jon Lester
68.5%
2017Ben Zobrist
67.5%
2011Alfonso Soriano
67%
Year Player % Correct
2012Alfonso Soriano
67%
2003Moises Alou
65.3%
2004Moises Alou
65.3%
2013Alfonson Soriano
65.3%
2019Kris Bryant
65.2%
2018Jason Heyward
64.6%
2017Willson Contreras
64.3%
2016Jake Arrieta
64.1%
2018Addison Russell
63.7%
2019Anthony Rizzo
63.5%
1992Greg Maddux
63.5%
2018Kyle Schwarber
63.3%
2008Ryan Theriot
63.2%
2009Ryan Theriot
63.2%
2011Geovany Soto
62.7%
2012Geovany Soto
62.7%
2002Alex Gonzalez
62.1%
2003Alex Gonzalez
62.1%
2004Alex Gonzalez
62.1%
1996Luis Gonzalez
61.5%
2010Ryan Theriot
60.9%
2016Miguel Montero
60.7%
2010Kosuke Fukudome
60.6%
1998Lance Johnson
60.5%
1999Lance Johnson
60.5%
2008Kosuke Fukudome
60.4%
2009Kosuke Fukudome
60.4%
2018Wilson Contreras
59.8%
2015David Ross
59.8%
2019Javier Baez
57%
1991Andre Dawson
56.7%
1992Andre Dawson
56.7%
2019Jon Lester
54.7%
2015Jorge Soler
53.9%
2006Jacque Jones
53.4%
2007Jacque Jones
53.4%
2008Felix Pie
52.5%
2013Welington Castillo
51.2%
2014Welington Castillo
51%
2019Jason Heyward
50.9%
1991Shawon Dunston
50.6%
1992Shawon Dunston
50.6%
1994Shawon Dunston
50.6%
1995Shawon Dunston
50.6%
1997Shawon Dunston
50.6%
2016Jorge Soler
50.5%
2004Michael Barrett
50.2%
2005Michael Barrett
50.2%
2006Michael Barrett
50.2%
2007Michael Barrett
50.2%
2011Kosuke Fukudome
49.6%
2009Mike Fontenot
49.6%
2011Darwin Barney
48.8%
2012Darwin Barney
48.8%
2011Ryan Dempster
48.5%
2012Ryan Dempster
48.5%
1998Henry Rodriguez
48.4%
1999Henry Rodriguez
48.4%
2000Henry Rodriguez
48.4%
2010Mike Fontenot
48.3%
2002Corey Patterson
48%
2003Corey Patterson
48%
2004Corey Patterson
48%
2005Corey Patterson
48%
2010Marlon Byrd
48%
2019Willson Contreras
47.7%
2019Ben Zobrist
47.1%
2009Milton Bradley
46.3%
2014Darwin Barney
46.1%
2018Ian Happ
45.7%
1991George Bell
45.1%
2013Jeff Samardzija
43.8%
2014Jeff Samardzija
43.4%
2006Juan Pierre
42.8%
2014Mike Olt
41.2%
2000Joe Girardi
41.1%
2001Joe Girardi
41.1%
2019Albert Almora
40.9%
2005Nomar Garciaparra
40.4%
2005Todd Walker
40.3%
2006Todd Walker
40.3%
1991Danny Jackson
40.2%
2015Mike Olt
39.9%
2007Mark DeRosa
38.8%
2008Mark DeRosa
38.8%
2000Jon Lieber
38.6%
2001Jon Lieber
38.6%
2002Jon Lieber
38.6%
Year Player % Correct
2015Tommy La Stella
38.1%
2003Hee Seop Choi
37.8%
2015Chris Coghlan
37.7%
2011Marlon Byrd
36.9%
2012Marlon Byrd
36.9%
2003Mark Grudzielanek
36.7%
2004Mark Grudzielanek
36.7%
2011Carlos Pena
36.1%
1996Jose Hernandez
36.1%
1999Jose Hernandez
36.1%
2012David DeJesus
35.5%
1997Brant Brown
35.5%
2002Roosevelt Brown
35.4%
2013David DeJesus
35.1%
2003Damian Miller
35%
2002Fred McGriff
34.9%
2000Eric Young
34.5%
2001Eric Young
34.5%
2002Todd Hundley
33.7%
1998Mickey Morandini
33.5%
1999Mickey Morandini
33.5%
2001Rondell White
33.4%
2013Luis Valbuena
33.2%
1993Willie Wilson
33.2%
1991Jerome Walton
32.8%
2014Junior Lake
32.2%
1993Rey Sanchez
32%
1995Rey Sanchez
32%
1996Rey Sanchez
32%
2019David Bote
31.8%
2013Nate Schierholtz
31.2%
2014Nate Schierholtz
30.6%
2012Ian Stewart
29.7%
1991Damon Berryhill
29.5%
2003Mark Bellhorn
29.5%
1999Gary Gaetti
29.1%
2001Bill Mueller
28.7%
1998Kevin Tapani
28.6%
2005Jeromy Burnitz
28.6%
1998Jeff Blauser
28.4%
2006Matt Murton
28.4%
2007Matt Murton
28.4%
2012Jeff Baker
28.3%
1999Steve Trachsel
28.2%
1993Rick Wilkins
28%
1994Rick Wilkins
28%
1995Rick Wilkins
28%
1995Brian McRae
27.1%
1996Brian McRae
27.1%
1997Brian McRae
27.1%
1997Kevin Orie
26.8%
1998Kevin Orie
26.8%
2006Ronny Cedeno
26.4%
1996Scott Servais
26.3%
1997Scott Servais
26.3%
1998Scott Servais
26.3%
2014Emilio Bonifacio
26%
2005Todd Hollandsworth
25%
1994Tuffy Rhodes
24.8%
1999Benito Santiago
24.4%
2002Delino DeShields
24.3%
1993Steve Buechele
23.9%
1994Steve Buechele
23.9%
1995Steve Buechele
23.9%
2007Cesar Izturis
23.7%
1993Mike Morgan
22.9%
1994Mike Morgan
22.9%
2001Matt Stairs
22.9%
1991Gary Scott
22%
1992Gary Scott
22%
1994Derrick May
21.4%
2001Ricky Gutierrez
20.4%
2019Mark Zagunis
20.2%
1996Jaime Navarro
20.1%
2013Brent Lillibridge
19.9%
1997Terry Mulholland
19.5%
1992Luis Salazar
19.2%
1992Hector Villanueva
18.3%
1993Jose Vizcaino
17.9%
2000Damon Buford
17.1%
2001Damon Buford
17.1%
2000Shane Andrews
16.6%
1995Jim Bullinger
16.6%
1993Candy Maldonado
16.3%
1995Scott Bullett
14.5%
2002Chris Stynes
14.2%
2000Jose Nieves
13.7%

You're not logged in!

Compare scores with friends on all Sporcle quizzes.
OR
Log In

Sporcle TV

Today on Sporcle TV


Watch our educational content, quiz creation guides, and fun videos on Sporcle TV.

Show Comments

Extras

Top Quizzes Today


Score Distribution

Your Account Isn't Verified!

In order to create a playlist on Sporcle, you need to verify the email address you used during registration. Go to your Sporcle Settings to finish the process.

Report this User

Report this user for behavior that violates our Community Guidelines.

Details: